000 00619nam a22002297a 4500
003 UA-OsUOA
001 86872
007 ta
008 20120912b un ||||| |||| 00| 0 ukr d
100 _aЛевандовський А.
090 _a94 (44)
_bЛ 34
942 _cBK
040 _aUA-OsUOA
_brus
_cUA-OsUOA
_dUA-OsUOA
245 _aКавалер Сен-Жюст. Повесть о великом французском революционере
300 _a395 с.
955 _a4
041 _arus
080 _a94 (44)
260 _aМ.
_bПолитиздат
_c1983
650 7 _2UDC
999 _c373043
_d373043